1198 1976 1082 1611 1449 1715 1552 1061 1784 1155 1522 1417 1908 1856 1233 1797 1723 1968 1694 1148 1839 1703 1573 1469 1620 1655 1145 1090 1626 1694 1285 1292 1263 1813 1839 1099 1825 1068 1566 1753 1161 1329 1480 1360 1365 1966 1545 1658 1517 1764 1432 1033 1665 1654 1639 1418 1815 1106 1166 1401 1521 1181 1624 1873 1311 1497 1499 2000 1633 1395 1059 1071 1560 1168 1645 1258 1936 1231 1279 1701 1740 1333 1729 1403 1986 1634 1612 1920 1885 1899 1658 1696 1596 1152 1030 1466 1051 1009 1131 BCNSPRNW ULIB Ver.6.0+V

เปลี่ยนเป็นภาษาไทย

Change to English
 แสดงรายละเอียดบรรณานุกรม
  กลับหน้าหลัก

Brief Record : Get Marc (ISO 2709) : E-mail record : QR code < ปิดหน้าต่าง
LEADER : 00000nam 2200000uu 4500
001    13399126141
003     ULIB
008    180612s2015||||th 000 0 tha d
020    ^a9781107464438
050 00 ^aPE1128^bC172^cV.10
245 10 ^aCambridge practice tests for IELTS 10
260    ^aCambridge :^bCambridge University Press,^c2015
300    ^a179 p.:^bill. ;^c25 cm.
650 00 ^aInternational English Language Testing System.
650 00 ^aEnglish language^xExaminations, questions, etc.
650 00 ^aEnglish language^xTextbooks for foreign speakers
945    ^p530^l0^i004237
999    ^aวรรณษา ชูชัยมงคล
รายการนี้ยังไม่มีแท็ก
คุณยังไม่ได้ล็อกอิน คุณสามารถมีกิจกรรมร่วมกับเว็บไซต์ได้ แต่ต้องล็อกอินก่อน ::
  ล็อกอิน

รายการสื่อสารสนเทศ

ลำดับที่ ประเภท เลขเรียก/บาร์โค้ด สถานที่ สถานะ
1. วิทยาศาสตร์การแพทย์ และสุขภาพ
หนังสือสำรอง
สถานะ=หนังสือสำรอง
PE1128 C172 V.10 ฉ.1 
  Barcode: 004237
ห้องสมุดวิทยาเขตสวรรค์ประชารักษ์
►หนังสือทั่วไป
ถูกยืม กำหนดส่งวันที่ 4 มกราคม 2569
  จอง

รายการใกล้เคียง
    ชื่อเรื่อง [Cambridge practice tests for IELTS 10]

    หัวเรื่อง [International English Language Testing System.]

BibComment


ยังไม่เคยถูกคอมเมนท์

คอมเมนท์ทรัพยากรรายการนี้
  คอมเมนท์: Cambridge practi..


 Copyright 2026. Bcnsprnw @Library